The Importance of Marriage in Jane Austen´s Novels bakalárska práca

Enregistré dans:
Détails bibliographiques
Auteur principal: Ružičková, Eva
Collectivité auteur: Fakulta aplikovaných jazykov EU v Bratislave. Katedra interkultúrnej komunikácie
Autres auteurs: Pápaiová, Adriana
Format: Livre
Langue:anglais
Publié: Bratislava 2015
Tags: Ajouter un tag
Pas de tags, Soyez le premier à ajouter un tag!

MARC

LEADER 00000nbm a2200000 4500
001 0202051
005 20161212094237.9
041 0 |a eng 
044 |a SK 
245 1 0 |a The Importance of Marriage in Jane Austen´s Novels  |b bakalárska práca  |c Eva Ružičková ; školiteľ: Adriana Pápaiová 
264 1 |a Bratislava  |c 2015 
300 |a 48 s. 
100 1 |a Ružičková, Eva 
700 1 |a Pápaiová, Adriana 
710 2 |a Fakulta aplikovaných jazykov EU v Bratislave. Katedra interkultúrnej komunikácie